000 02304cam a22006854i 4500
003 PE-LiUPU
005 20250731170449.0
008 150706s2008 cl a rb 000 0 spa d
020 _a9561409968
020 _a9789561409965
035 _a(Sirsi) i9789561409965
040 _aPE-LiUPU
_bspa
_cPE-LiUPU
_dPE-LiUPU
_erda
049 _aPRUA
082 0 4 _a150.28741418
_bP31
_221
100 1 _aPavez G., María Mercedes,
_eautor.
245 1 0 _aTest para evaluar proceso de simplificación fonológica TEPROSIF-R Set de láminas /
_cMaría Mercedes Pavez G., Mariangela Maggiolo, Carmen Julia Coloma.
250 _a3a edición.
264 1 _aSantiago de Chile :
_bEds. Universidad Católica de Chile,
_c2008.
300 _a85 páginas :
_bilustraciones ;
_c24 centímetros.
336 _atext
_2rdacontent
337 _aunmediated
_2rdamedia
338 _avolume
_2rdacarrier
490 0 _aAprendizaje (Ediciones Universidad Católica de Chile)
500 _aSupl. Set de láminas de: TEPROSIF-R (61827).
504 _aIncluye bibliografía.
505 0 _aSet de láminas.
526 _aSEG68
526 _aSEG70
526 _aSEG69
526 _aSEG67
526 _aSEG43
526 _aP144
526 _aP143
526 _aP131
526 _aP122
526 _aP120
526 _aP117
526 _aP112
526 _aP110
526 _aP106
526 _aP101
526 _aP80
526 _aP59
526 _aP54
526 _aP35
526 _aP33
526 _aP30
541 _g001-0031616;
650 0 4 _aLenguaje de los niños
_xPruebas.
650 0 4 _aTrastornos del habla en niños.
_91792
650 0 4 _aFonética.
700 1 _aMaggiolo, Mariangela,
_eautor.
700 1 _aColoma, Carmen Julia,
_eautor.
910 _bjv
_cjvm
_d20100614
942 _2ddc
_cBOOK
949 _a150.28741418 P31S
_wDEWEY
_c1
_i61828
_lCCODEBUL1
_mBUL
_p12.00
_r0
_sY
_tBOOK
_u2015-7-6
_xEDUCACION
_PP33
_o.STAFF. Colección Ciencias de la Salud
994 _aC0
_bPEPRU
596 _a1
999 _a150.28741418 P31
_wDEWEY
_c50963
_i61827
_f2021-11-3
_g5
_lCCODEBUL1
_mBUL
_p12.00
_r0
_sY
_tBOOK
_u2015-7-6
_xSALUD
_zP33
_0COMPRA
_o.STAFF. Colección Ciencias de la Salud
_d50963
980 _81
_gALBERTO SANCHEZ Responsable de Automatización